"Zlaté pasy" v kontexte občianstva Európskej únie bakalárska práca

Guardado en:
Detalles Bibliográficos
Autor principal: Radoščanová, Petra
Autor Corporativo: Fakulta medzinárodných vzťahov EU. Katedra medzinárodného práva
Otros Autores: Bocková, Lucia, 1978-
Formato: Libro
Lenguaje:eslovaco
Publicado: Bratislava 2023
Etiquetas: Agregar Etiqueta
Sin Etiquetas, Sea el primero en etiquetar este registro!

MARC

LEADER 00000nbm a2200000 4500
001 0293262
005 20240617131231.6
041 0 |a slo 
044 |a SK 
245 1 0 |a "Zlaté pasy" v kontexte občianstva Európskej únie  |b bakalárska práca  |c Petra Radoščanová ; školiteľ: Lucia Bocková 
264 1 |a Bratislava  |c 2023 
300 |a 49 s. 
100 1 |a Radoščanová, Petra 
700 1 |a Bocková, Lucia, 1978- 
710 2 |a Fakulta medzinárodných vzťahov EU. Katedra medzinárodného práva